Genome, transcriptome and proteome analysis / (Record no. 41373)

MARC details
000 -LEADER
fixed length control field 01243pam a2200253 a 4500
001 - CONTROL NUMBER
control field vtls003027203
003 - CONTROL NUMBER IDENTIFIER
control field MY-SjTCS
005 - DATE AND TIME OF LATEST TRANSACTION
control field 20200306163338.0
008 - FIXED-LENGTH DATA ELEMENTS--GENERAL INFORMATION
fixed length control field 110218s2004 enka b 001 0 eng
020 ## - INTERNATIONAL STANDARD BOOK NUMBER
International Standard Book Number 047084955X (pbk.)
039 #9 - LEVEL OF BIBLIOGRAPHIC CONTROL AND CODING DETAIL [OBSOLETE]
Level of rules in bibliographic description 201102181352
Level of effort used to assign nonsubject heading access points VLOAD
Level of effort used to assign subject headings 200605231459
Level of effort used to assign classification eunice
Level of effort used to assign subject headings 200605231457
Level of effort used to assign classification eunice
Level of effort used to assign subject headings 200605231430
Level of effort used to assign classification eunice
-- 200604241300
-- meena
082 04 - DEWEY DECIMAL CLASSIFICATION NUMBER
Classification number 572.8
Item number BER
100 1# - MAIN ENTRY--PERSONAL NAME
Personal name Bernot, Alain.
9 (RLIN) 231745
245 10 - TITLE STATEMENT
Title Genome, transcriptome and proteome analysis /
Statement of responsibility, etc. Alain Bernot ; translated by James McClellan and Susan Cure.
260 ## - PUBLICATION, DISTRIBUTION, ETC.
Place of publication, distribution, etc. Chichester :
Name of publisher, distributor, etc. John Wiley,
Date of publication, distribution, etc. 2004.
300 ## - PHYSICAL DESCRIPTION
Extent xvi, 231 p. :
Other physical details ill. ;
Dimensions 23 cm.
500 ## - GENERAL NOTE
General note First published in French as Analyse de Genomes, Transcriptome et Proteoms, c2001, Dunod, Paris.
505 0# - FORMATTED CONTENTS NOTE
Formatted contents note Preface. - About the author. - Acknowledgements. - 1. General introduction. - 2. Linkage maps. - 3. Physical maps. 4. Genome sequencing. - 5. Sequencing cDNA and the transcriptome . - 6. The proteome. - 7. Identification of genes responsible for disease. - General conclusion. - Further Reading. - Index.
650 #0 - SUBJECT ADDED ENTRY--TOPICAL TERM
Topical term or geographic name entry element Molecular genetics.
9 (RLIN) 691
650 #0 - SUBJECT ADDED ENTRY--TOPICAL TERM
Topical term or geographic name entry element Genomes.
9 (RLIN) 9547
650 #0 - SUBJECT ADDED ENTRY--TOPICAL TERM
Topical term or geographic name entry element Proteomics.
9 (RLIN) 19535
650 #0 - SUBJECT ADDED ENTRY--TOPICAL TERM
Topical term or geographic name entry element Genetic transcription.
9 (RLIN) 231746
920 ## - Programme
Programme BMS : 260575
Holdings
Withdrawn status Lost status Source of classification or shelving scheme Damaged status Not for loan Collection code Home library Current library Date acquired Total Checkouts Barcode Date last seen Date last checked out Copy number Koha item type Public note
Withdrawn   Dewey Decimal Classification     Please fill up online form at https://taylorslibrary.taylors.edu.my/services/external_storage1 Taylor's Library-TU TU External Storage-LCS 04/05/2009 4 5000079186 05/12/2019 20/09/2017 1 Main Collection SBSxx,36200,03,GR